000 01107cam a2200325 a 4500
005 20260322212004.0
008 data
010 _a 91041131
020 _a0816513023 (cloth : acidfree, archivalquality paper)
020 _a0816512892 (pbk. : acid-free, archival-quality paper)
020 _a978-0816512898 (pbk. : acid-free, archival-quality paper)
020 _a978-0816513024 (cloth : acid-free, archival-quality paper)
040 _aDLC
_cDLC
_dDLC
043 _an-us-az
050 0 0 _aF815
_b.S54 1992
082 0 0 _a979.1
_220
092 _a979.1 S54 1992
100 1 _aShelton, Richard,
_d1933-
245 1 0 _aGoing back to Bisbee /
_cRichard Shelton.
260 _aTucson :
_bUniversity of Arizona Press,
_cc1992.
300 _avii, 329 p. :
_bmap ;
_c25 cm.
504 _aIncludes bibliographical references (p. 323-328).
600 1 0 _aShelton, Richard,
_d1933-
_xTravel
_zArizona.
650 0 _aNatural history
_zArizona.
650 0 _aDesert ecology
_zArizona.
651 0 _aArizona
_xDescription and travel.
651 0 _aArizona
_xHistory, Local.
651 0 _aBisbee (Ariz.)
001 data
999 _c42
_d42